FIELD GUIDE TO LIES CRITICAL THINKING IN (Record no. 30726)
[ view plain ]
| 000 -LEADER | |
|---|---|
| fixed length control field | 00343nam a2200133Ia 4500 |
| 008 - FIXED-LENGTH DATA ELEMENTS--GENERAL INFORMATION | |
| fixed length control field | 240624s9999 xx 000 0 und d |
| 041 ## - LANGUAGE CODE | |
| Language code of text/sound track or separate title | eng |
| 082 ## - DEWEY DECIMAL CLASSIFICATION NUMBER | |
| Classification number | 001.422 LEV |
| 100 ## - MAIN ENTRY--PERSONAL NAME | |
| Personal name | LEVITIN DANIEL J |
| 245 ## - TITLE STATEMENT | |
| Title | FIELD GUIDE TO LIES CRITICAL THINKING IN |
| 260 ## - PUBLICATION, DISTRIBUTION, ETC. | |
| Date of publication, distribution, etc. | 2016 |
| Place of publication, distribution, etc. | Canada |
| Name of publisher, distributor, etc. | Allen Lane |
| 300 ## - PHYSICAL DESCRIPTION | |
| Extent | xi, 292 p.; 23 cm. |
| 365 ## - TRADE PRICE | |
| Currency code | |
| Price amount | 38 |
| Withdrawn status | Lost status | Damaged status | Not for loan | Home library | Current library | Shelving location | Date acquired | Cost, normal purchase price | Total Checkouts | Total Renewals | Full call number | Barcode | Date last seen | Date last checked out | Copy number | Price effective from | Koha item type |
|---|---|---|---|---|---|---|---|---|---|---|---|---|---|---|---|---|---|
| IMTN | IMTN | Rack 1-A | 04/17/2018 | 32.00 | 1 | 2 | 001.422 LEV | 30726 | 11/18/2024 | 09/27/2024 | 68.3 | 06/24/2024 | Books |